00331nam a2200133Ia 45000030006000000080041000060400015000471000034000622450040000962500010001362600022001465460012001680050017001800STCL150530s9999 xx 000 0 und d aSTCLcSTCL aOskar Prasad; Fred Taylor, M. aOn the economic theory of socialism aFirst bMcgraw hillc1964 aEnglish20220125165516.0